Les footballeurs de Serie A en 2024 (image) - Statistiques

Statistiques générales
  • Ce quiz a été pris 140 fois
  • Le résultat moyen est 16 sur 20
Statistiques - réponses
Par images Réponse % Correct
Lautaro Martinez
99%
Rafael Leão
95%
Théo Hernandez
95%
Mike Maignan
94%
Paulo Dybala
94%
Victor Osimhen
93%
Nicolò Barella
92%
Olivier Giroud
92%
Yann Sommer
89%
Dusan Vlahovic
87%
Fikayo Tomori
81%
Hakan Çalhanoğlu
78%
Geirson Bremer
75%
Alessandro Bastoni
74%
Khvicha Kvaratskhelia
72%
Domenico Berardi
64%
Stefan de Vrij
58%
Gianluca Scamacca
55%
Wojciech Szczęsny
53%
Joshua Zirkzee
50%
Aucun quiz correspondant
Distribution des résultats
% des personnes avec chaque résultat
Percentile par nombre de réponses
Votre historique - résultats
Vous n’avez pas pris ce quiz